000 00436nam a2200181Ia 4500
005 20230320110932.0
008 131103s9999 xx 000 0 und d
040 _aLoreto College
041 _aEnglish
082 _a891.441
_bDEY
100 _aDey, Bishnu
245 _aBachar Pachis
_cBishnu,Dey
260 _aKolkata
_bBiswabani Prakashani
_c1380
300 _a528p
650 _aBengali Poetry
850 _aLCLIB
942 _cBK
999 _c20623
_d71102